[Event "9th NATO Chess Championship"]
[Site "Portsmouth"]
[Date "1998.10.09"]
[Round "7.4"]
[White "Kruml, (VS)."]
[Black "Van Zandwijk, Jan Peter"]
[Result "0-1"]
[WhiteElo "2116"]
[BlackElo "2048"]
[PlyCount "82"]
[EventDate "1998.10.??"]
[EventType "swiss"]
[EventRounds "7"]
[EventCountry "ENG"]
[SourceDate "2005.09.12"]

1. e4 Nf6 2. e5 Nd5 3. d4 d6 4. c4 Nb6 5. exd6 cxd6 6. Nc3 g6 7. h3 Bg7 8. Nf3
O-O 9. Be3 Nc6 10. Rc1 Bf5 11. d5 Ne5 12. Nxe5 Bxe5 13. Be2 Bg7 14. O-O e5 15.
a4 Rc8 16. Qb3 Qh4 17. Bxb6 axb6 18. Nb5 Rcd8 19. Qa3 Bh6 20. Ra1 Qe7 21. Qb4
Bc8 22. Na7 e4 23. Ra3 f5 24. Nxc8 Rxc8 25. Qxb6 Bf4 26. g3 Be5 27. Rb3 Rf7 28.
Qe3 Qf6 29. Qd2 Kg7 30. a5 Re8 31. c5 dxc5 32. Rb6 Bd6 33. Qc3 Re5 34. Qb3 f4
35. Bg4 fxg3 36. Qxg3 h5 37. Rxd6 Qxd6 38. Be6 Rxe6 39. dxe6 Qxg3+ 40. fxg3
Rxf1+ 41. Kxf1 Kf6 0-1

[Event "9th NATO Chess Championship"]
[Site "Portsmouth"]
[Date "1998.10.09"]
[Round "7.5"]
[White "Hortillosa, Andres"]
[Black "Toumaniantz, Rouslan"]
[Result "0-1"]
[WhiteElo "1923"]
[BlackElo "2090"]
[PlyCount "73"]
[EventDate "1998.10.??"]
[EventType "swiss"]
[EventRounds "7"]
[EventCountry "ENG"]
[SourceDate "2005.09.12"]

1. d4 Nf6 2. Nf3 e6 3. Bg5 h6 4. Bxf6 Qxf6 5. e4 d6 6. Nc3 Nd7 7. Qd2 a6 8.
O-O-O b5 9. e5 Qd8 10. d5 Nb6 11. b3 b4 12. dxe6 bxc3 13. exf7+ Kxf7 14. Qf4+
Kg8 15. exd6 Bxd6 16. Bc4+ Kh7 17. Bd3+ Kg8 18. Bc4+ Nxc4 19. Qxc4+ Kf8 20. Ne5
Qf6 21. f4 Be6 22. Qe4 Re8 23. g4 Bxe5 24. fxe5 Qg5+ 25. Kb1 g6 26. Qf3+ Kg7
27. Qxc3 Qe7 28. h3 Rd8 29. Rde1 Rd5 30. Rhf1 Rhd8 31. Kb2 c5 32. Rf6 c4 33.
Re2 Rd1 34. Ref2 R8d4 35. Qf3 Rd8 36. g5 hxg5 37. Qg3 0-1

[Event "9th NATO Chess Championship"]
[Site "Portsmouth"]
[Date "1998.10.09"]
[Round "7.6"]
[White "Zill, Christoph"]
[Black "Tia, Rudy G"]
[Result "1-0"]
[WhiteElo "2194"]
[BlackElo "2055"]
[PlyCount "93"]
[EventDate "1998.10.??"]
[EventType "swiss"]
[EventRounds "7"]
[EventCountry "ENG"]
[SourceDate "2005.09.12"]

1. e4 g6 2. d4 Bg7 3. g3 d5 4. e5 Nh6 5. Bxh6 Bxh6 6. h4 c5 7. Nc3 cxd4 8. Qxd4
Be6 9. Bb5+ Nc6 10. Rd1 Kf8 11. Bxc6 bxc6 12. Nge2 Qb6 13. Na4 Qxd4 14. Nxd4
Bd7 15. Nc5 Ke8 16. b4 Rb8 17. Rb1 e6 18. Ke2 Bg7 19. f4 h5 20. Rb3 Bf8 21.
Rhb1 Kd8 22. Rc3 Rb6 23. Rbb3 Bc8 24. Na4 Ba6+ 25. Kf3 Rb7 26. Nxc6+ Kd7 27.
Nc5+ Bxc5 28. Rxc5 Bc4 29. Na5 Bxb3 30. Nxb7 Bxa2 31. Ra5 Bb1 32. Rxa7 Kc6 33.
Nd6 f6 34. b5+ Kb6 35. Ra1 fxe5 36. fxe5 Rf8+ 37. Ke2 Bxc2 38. Ra6+ Kc5 39.
Rc6+ Kd4 40. Rxc2 Kxe5 41. Nc8 d4 42. Rc5+ Kf6 43. b6 d3+ 44. Kxd3 Rd8+ 45. Ke3
Rd1 46. Rb5 Re1+ 47. Kf2 1-0

[Event "9th NATO Chess Championship"]
[Site "Portsmouth"]
[Date "1998.10.09"]
[Round "7.9"]
[White "Dunlop, Chris"]
[Black "Cadiou, Jacques"]
[Result "0-1"]
[WhiteElo "1952"]
[BlackElo "1970"]
[PlyCount "76"]
[EventDate "1998.10.??"]
[EventType "swiss"]
[EventRounds "7"]
[EventCountry "ENG"]
[SourceDate "2005.09.12"]

1. c4 Nf6 2. Nc3 g6 3. e4 d6 4. g3 Bg7 5. Bg2 O-O 6. Nge2 c5 7. O-O Nc6 8. d3
Rb8 9. h3 a6 10. a4 Nd7 11. f4 Nd4 12. g4 b5 13. axb5 axb5 14. cxb5 Nxb5 15. g5
Nd4 16. Ra3 Bb7 17. f5 Ne5 18. Nf4 gxf5 19. Nh5 e6 20. Nxg7 Kxg7 21. exf5 Nxf5
22. Ne4 Bxe4 23. dxe4 Nd4 24. Rf6 Ra8 25. Rxa8 Qxa8 26. Bf4 Qa6 27. Bxe5 dxe5
28. Rf2 Qb7 29. Qh5 Qb3 30. g6 hxg6 31. Qxe5+ f6 32. Qxc5 Qe3 33. Kf1 Ra8 34.
Bf3 Ra1+ 35. Kg2 Rg1+ 36. Kxg1 Nxf3+ 37. Kg2 Nh4+ 38. Kh2 Qxc5 0-1

[Event "9th NATO Chess Championship"]
[Site "Portsmouth"]
[Date "1998.10.09"]
[Round "7.10"]
[White "Brameld, Arthur"]
[Black "Hamann, Carsten"]
[Result "0-1"]
[WhiteElo "2115"]
[BlackElo "2148"]
[PlyCount "60"]
[EventDate "1998.10.??"]
[EventType "swiss"]
[EventRounds "7"]
[EventCountry "ENG"]
[SourceDate "2005.09.12"]

1. e4 Nf6 2. e5 Nd5 3. d4 d6 4. Nf3 dxe5 5. Nxe5 Nd7 6. c4 Nxe5 7. dxe5 Nb4 8.
Qxd8+ Kxd8 9. Na3 Bf5 10. Be2 e6 11. Bg5+ Be7 12. Bxe7+ Kxe7 13. O-O Rhd8 14.
Rfd1 Rxd1+ 15. Rxd1 Rd8 16. g4 Be4 17. Nb5 Rxd1+ 18. Bxd1 Nxa2 19. Nxa7 Kd7 20.
Nb5 Nb4 21. Nc3 Bd3 22. b3 g5 23. Bf3 b6 24. Ne4 Bxe4 25. Bxe4 h6 26. Kf1 Nc6
27. Bxc6+ Kxc6 28. Ke2 Kc5 29. Kd3 Kb4 30. Kc2 b5 0-1

[Event "9th NATO Chess Championship"]
[Site "Portsmouth"]
[Date "1998.10.09"]
[Round "7.11"]
[White "Falbo, Sandro"]
[Black "Engelen, Johan"]
[Result "1-0"]
[WhiteElo "2100"]
[BlackElo "1847"]
[PlyCount "82"]
[EventDate "1998.10.??"]
[EventType "swiss"]
[EventRounds "7"]
[EventCountry "ENG"]
[SourceDate "2005.09.12"]

1. Nf3 c5 2. g3 Nf6 3. Bg2 g6 4. O-O Bg7 5. d3 O-O 6. e4 d6 7. Nc3 Nc6 8. h3
Bd7 9. Be3 Qc8 10. Kh2 Ne5 11. Nh4 a5 12. a4 h6 13. Qc1 Kh7 14. f4 Nc6 15. Nd5
Nxd5 16. exd5 Nd4 17. Qd1 Nf5 18. Nxf5 Bxf5 19. g4 Bd7 20. f5 Bxb2 21. Be4 Be5+
22. Kh1 Kg7 23. Qd2 Rh8 24. c3 Bf6 25. fxg6 fxg6 26. d4 c4 27. Qc2 Be8 28. Kg2
Qd7 29. Kg3 b5 30. axb5 Qxb5 31. Rfb1 Qa6 32. h4 g5 33. hxg5 hxg5 34. Rh1 Bf7
35. Qd2 Bg6 36. Bf5 Rh7 37. Rxh7+ Kxh7 38. Bxg5 Kg7 39. Rh1 Rh8 40. Rxh8 Kxh8
41. Bxg6 Qb5 1-0

[Event "9th NATO Chess Championship"]
[Site "Portsmouth"]
[Date "1998.10.09"]
[Round "7.12"]
[White "Lebel, Patrick"]
[Black "Hater, David"]
[Result "1-0"]
[WhiteElo "2165"]
[BlackElo "2050"]
[PlyCount "87"]
[EventDate "1998.10.??"]
[EventType "swiss"]
[EventRounds "7"]
[EventCountry "ENG"]
[SourceDate "2005.09.12"]

1. d4 Nf6 2. Nf3 g6 3. Bf4 Bg7 4. e3 d5 5. Be2 c5 6. c3 Nc6 7. Nbd2 Qb6 8. Qb3
Qxb3 9. axb3 Nh5 10. Bc7 cxd4 11. exd4 Kd7 12. Bg3 Nxg3 13. hxg3 h6 14. b4 Kd6
15. O-O Bg4 16. Rfe1 a6 17. Nb3 Kc7 18. Nc5 Rad8 19. b5 axb5 20. Bxb5 Bxf3 21.
gxf3 e5 22. dxe5 Nxe5 23. Be2 d4 24. cxd4 Rxd4 25. Rac1 Nc6 26. Bb5 Rd2 27.
Bxc6 bxc6 28. Re7+ Kd8 29. Rxf7 Bxb2 30. Re1 Ba3 31. Ne6+ Kc8 32. Ra1 Rd3 33.
Rc7+ Kb8 34. Rb1+ Ka8 35. Rxc6 Ka7 36. Rc4 Rd6 37. Ra4+ Ra6 38. Rxa6+ Kxa6 39.
Ra1 Kb5 40. Rxa3 Rc8 41. Re3 Rc1+ 42. Kg2 Kc6 43. Nf4 g5 44. Nd3 1-0

[Event "9th NATO Chess Championship"]
[Site "Portsmouth"]
[Date "1998.10.09"]
[Round "7.13"]
[White "Plumanns, Dieter"]
[Black "Schmidt, (DEN)."]
[Result "0-1"]
[WhiteElo "2206"]
[BlackElo "2043"]
[PlyCount "88"]
[EventDate "1998.10.??"]
[EventType "swiss"]
[EventRounds "7"]
[EventCountry "ENG"]
[SourceDate "2005.09.12"]

1. e4 c5 2. Nf3 d6 3. d4 cxd4 4. Nxd4 Nf6 5. Nc3 g6 6. Be2 Bg7 7. h4 h5 8. Be3
Nc6 9. Qd2 Bd7 10. f3 Ne5 11. O-O-O a6 12. Kb1 b5 13. f4 Neg4 14. Bd3 Nxe3 15.
Qxe3 Ng4 16. Qg1 O-O 17. Nce2 e5 18. Nf3 exf4 19. Nfd4 Ne3 20. Re1 Qf6 21. Qf2
Bg4 22. c3 Nxg2 23. Qxg2 f3 24. Qh2 fxe2 25. Bxe2 Bxe2 26. Qxe2 Rac8 27. a3 Rc5
28. Rh3 Qe7 29. Qf2 a5 30. b4 axb4 31. axb4 Rc4 32. Rd3 Bxd4 33. Rxd4 Rxc3 34.
Rc1 Rxc1+ 35. Kxc1 Rc8+ 36. Kb1 Qe6 37. Qb2 Qg4 38. Qh2 d5 39. Qd2 dxe4 40.
Rd8+ Rxd8 41. Qxd8+ Kh7 42. Qe8 Qg1+ 43. Kc2 Qf2+ 44. Kc3 e3 0-1

[Event "9th NATO Chess Championship"]
[Site "Portsmouth"]
[Date "1998.10.09"]
[Round "7.14"]
[White "Steffers, Hendrik"]
[Black "Nielsen, Jan Mose"]
[Result "1/2-1/2"]
[WhiteElo "1864"]
[BlackElo "2065"]
[PlyCount "86"]
[EventDate "1998.10.??"]
[EventType "swiss"]
[EventRounds "7"]
[EventCountry "ENG"]
[SourceDate "2005.09.12"]

1. d4 f5 2. c4 Nf6 3. Nc3 g6 4. Nf3 Bg7 5. e3 d6 6. Be2 c6 7. O-O Qc7 8. d5 O-O
9. Bd2 e5 10. dxe6 Bxe6 11. Rc1 Nbd7 12. Ng5 Rae8 13. Nxe6 Rxe6 14. Nd5 Qb8 15.
Nf4 Re7 16. Bc3 g5 17. Nd3 a6 18. a4 Re4 19. b3 Rh4 20. f4 g4 21. g3 Rh6 22.
Nf2 Qe8 23. Re1 Nc5 24. Bxf6 Rhxf6 25. e4 fxe4 26. Nxg4 Re6 27. Ne3 Qe7 28. b4
Nd7 29. Bg4 Ref6 30. Rc2 a5 31. Bxd7 Qxd7 32. b5 Rh6 33. Ng4 Rg6 34. Ne5 Bxe5
35. fxe5 d5 36. Rxe4 Qf5 37. Ree2 d4 38. Rcd2 c5 39. Qe1 Qe6 40. Rf2 Re8 41.
Qf1 Qxe5 42. Rde2 Qb8 43. Qe1 Rd8 1/2-1/2

[Event "9th NATO Chess Championship"]
[Site "Portsmouth"]
[Date "1998.10.09"]
[Round "7.15"]
[White "Nielsen, K."]
[Black "Horchner, Mark"]
[Result "0-1"]
[WhiteElo "1925"]
[BlackElo "2022"]
[PlyCount "84"]
[EventDate "1998.10.??"]
[EventType "swiss"]
[EventRounds "7"]
[EventCountry "ENG"]
[SourceDate "2005.09.12"]

1. d4 Nf6 2. Bg5 e6 3. e4 h6 4. Bxf6 Qxf6 5. c3 d6 6. Qf3 Nd7 7. Qxf6 Nxf6 8.
Bd3 Bd7 9. Ne2 Bc6 10. Nd2 O-O-O 11. h3 Be7 12. O-O-O h5 13. f3 h4 14. c4 e5
15. d5 Bd7 16. b4 Nh5 17. Rhe1 Rh6 18. Rg1 Bg5 19. g4 hxg3 20. Nxg3 Be3 21. Nf5
Bxf5 22. exf5 Bxg1 23. Rxg1 Nf4 24. Bf1 g6 25. fxg6 Rxg6 26. Rxg6 fxg6 27. Ne4
Rh8 28. Nf2 Kd7 29. Kd2 c6 30. dxc6+ bxc6 31. a3 d5 32. c5 Ra8 33. Ba6 Rh8 34.
Bf1 Ke6 35. Ba6 Kd7 36. Bf1 Ke7 37. a4 Rh5 38. b5 cxb5 39. axb5 Ne6 40. c6 Nd4
41. Be2 Kd6 42. Bd1 Nxb5 0-1

[Event "9th NATO Chess Championship"]
[Site "Portsmouth"]
[Date "1998.10.09"]
[Round "7.16"]
[White "De Cat, Ben"]
[Black "Nielsen, Finn"]
[Result "0-1"]
[WhiteElo "2075"]
[BlackElo "1931"]
[PlyCount "52"]
[EventDate "1998.10.??"]
[EventType "swiss"]
[EventRounds "7"]
[EventCountry "ENG"]
[SourceDate "2005.09.12"]

1. g4 d5 2. h3 e5 3. Bg2 c6 4. d4 Nd7 5. Nf3 e4 6. Nh2 Bd6 7. c4 Ne7 8. Nc3 h6
9. cxd5 cxd5 10. Be3 Nb6 11. Nf1 Ng6 12. Ng3 Nh4 13. O-O O-O 14. Nb5 Bb8 15.
Qc1 g5 16. Bd2 a6 17. Na3 f5 18. Bb4 Rf6 19. Nh5 Rc6 20. Qd1 fxg4 21. Qb3 Nxg2
22. Kxg2 gxh3+ 23. Kh1 Qc7 24. Qg3 Qf7 25. Qg1 Qxh5 26. f3 Bf5 0-1

[Event "9th NATO Chess Championship"]
[Site "Portsmouth"]
[Date "1998.10.09"]
[Round "7.18"]
[White "Costales, Charles"]
[Black "Nielsen, Niels Kristian"]
[Result "0-1"]
[WhiteElo "1890"]
[BlackElo "1899"]
[PlyCount "110"]
[EventDate "1998.10.??"]
[EventType "swiss"]
[EventRounds "7"]
[EventCountry "ENG"]
[SourceDate "2005.09.12"]

1. d4 Nf6 2. c4 e6 3. g3 d5 4. Bg2 Be7 5. Nc3 O-O 6. Qb3 c6 7. Nf3 Qb6 8. c5
Qxb3 9. axb3 Nbd7 10. b4 Re8 11. O-O Bf8 12. Bg5 h6 13. Bxf6 Nxf6 14. Rfc1 Bd7
15. Ne5 Red8 16. Bh3 Be8 17. e3 g5 18. f4 Nh5 19. Kf2 Be7 20. Rg1 Ng7 21. Ne2
f6 22. Nf3 Bg6 23. Nd2 Re8 24. Nc3 a6 25. Na4 Rac8 26. Nc3 Rc7 27. Rae1 Rd7 28.
Bf1 Kf7 29. Be2 Bd8 30. h4 gxh4 31. gxh4 Bf5 32. Rg3 Kf8 33. h5 e5 34. Bd1 exf4
35. exf4 Rxe1 36. Kxe1 Bc7 37. Bf3 Bxf4 38. Rg2 Re7+ 39. Kd1 Bg5 40. Re2 Ne6
41. Nb3 Rg7 42. Re1 Nf4 43. Nc1 Re7 44. Rxe7 Kxe7 45. N3e2 Nxe2 46. Nxe2 Be4
47. Bxe4 dxe4 48. Ng3 e3 49. Nf5+ Ke6 50. Nd6 Kd5 51. Nxb7 Kxd4 52. Ke2 Kc4 53.
Na5+ Kxb4 54. Nxc6+ Kxc5 55. Ne7 Kc4 0-1

[Event "9th NATO Chess Championship"]
[Site "Portsmouth"]
[Date "1998.10.09"]
[Round "7.19"]
[White "Wagenaar, Harm Theo"]
[Black "Schunke, (GER)."]
[Result "0-1"]
[WhiteElo "1887"]
[BlackElo "2035"]
[PlyCount "88"]
[EventDate "1998.10.??"]
[EventType "swiss"]
[EventRounds "7"]
[EventCountry "ENG"]
[SourceDate "2005.09.12"]

1. d4 Nf6 2. Nf3 g6 3. Bg5 Bg7 4. Nbd2 d5 5. e3 O-O 6. c3 b6 7. Bd3 Nbd7 8. O-O
Bb7 9. Qe2 Ne4 10. Bf4 Re8 11. c4 e6 12. Rac1 c5 13. Rfd1 h6 14. h3 Kh7 15. Ne5
Qe7 16. Nxd7 Nxd2 17. Rxd2 Qxd7 18. dxc5 e5 19. Bh2 d4 20. e4 bxc5 21. Rb1 a5
22. g4 Ra6 23. f3 Bf6 24. Bg3 Bg5 25. Rdd1 Qe7 26. Kg2 h5 27. Rh1 h4 28. Bf2
Qf6 29. Rhd1 Kg7 30. Be1 Rh8 31. Bd2 Bf4 32. Qe1 a4 33. a3 Bc8 34. Qe2 Bd7 35.
Bc2 Rb8 36. Bd3 Rab6 37. Bc1 Qg5 38. Bxf4 Qxf4 39. Qf2 Qg5 40. Qd2 Kf6 41. Kf2
Qxd2+ 42. Rxd2 Kg5 43. Kg2 Kf4 44. Kf2 Rb3 0-1

[Event "9th NATO Chess Championship"]
[Site "Portsmouth"]
[Date "1998.10.09"]
[Round "7.20"]
[White "Charles, Freddy"]
[Black "Crapulli, Giuseppe"]
[Result "1/2-1/2"]
[WhiteElo "1789"]
[BlackElo "1900"]
[PlyCount "49"]
[EventDate "1998.10.??"]
[EventType "swiss"]
[EventRounds "7"]
[EventCountry "ENG"]
[SourceDate "2005.09.12"]

1. d4 Nf6 2. Nf3 e6 3. e3 b6 4. Bd3 Bb7 5. Nbd2 d5 6. O-O Nbd7 7. Qe2 Be7 8.
Ne5 Nxe5 9. dxe5 Nd7 10. f4 Nc5 11. Qg4 O-O 12. Rf3 Nxd3 13. cxd3 c5 14. Rg3 g6
15. Qh5 Qe8 16. Qh6 f6 17. Nf3 f5 18. Bd2 d4 19. Ng5 Bxg5 20. Rxg5 dxe3 21. h4
Kh8 22. h5 Rg8 23. Bxe3 Rd8 24. Rd1 Qf7 25. hxg6 1/2-1/2

[Event "9th NATO Chess Championship"]
[Site "Portsmouth"]
[Date "1998.10.09"]
[Round "7.21"]
[White "Parnet, Arnaud"]
[Black "Nielsen, Henrik"]
[Result "1/2-1/2"]
[WhiteElo "1990"]
[BlackElo "2095"]
[PlyCount "83"]
[EventDate "1998.10.??"]
[EventType "swiss"]
[EventRounds "7"]
[EventCountry "ENG"]
[SourceDate "2005.09.12"]

1. c4 e5 2. Nc3 Nf6 3. Nf3 Nc6 4. d3 d5 5. cxd5 Nxd5 6. g3 Bc5 7. Bg2 Be6 8.
O-O Qd7 9. Nxe5 Nxe5 10. d4 Nxc3 11. bxc3 Rd8 12. Qc2 Nc6 13. dxc5 O-O 14. Be3
Bc4 15. Rad1 Qe6 16. Ra1 Rd7 17. Be4 g6 18. Rfe1 Re8 19. Bg2 Kg7 20. Qb2 Nd8
21. Bd4+ f6 22. e4 Nc6 23. a3 Ne5 24. Re3 c6 25. f4 Ng4 26. Ree1 Kg8 27. h3 Nh6
28. Re3 Nf7 29. Rae1 Red8 30. Kh2 g5 31. fxg5 fxg5 32. Qf2 Ne5 33. Qf5 Re8 34.
Qxg5+ Rg7 35. Qf5 Rf7 36. Qxe6 Rxe6 37. g4 Nd3 38. Rf1 Nf2 39. Rfe1 Nd3 40. Rf1
Nf2 41. Rg1 Nd3 42. Bf3 1/2-1/2

[Event "9th NATO Chess Championship"]
[Site "Portsmouth"]
[Date "1998.10.09"]
[Round "7.22"]
[White "Koopmeiners, Karl"]
[Black "Geddis, Dick"]
[Result "1-0"]
[WhiteElo "1913"]
[BlackElo "1885"]
[PlyCount "43"]
[EventDate "1998.10.??"]
[EventType "swiss"]
[EventRounds "7"]
[EventCountry "ENG"]
[SourceDate "2005.09.12"]

1. d4 e6 2. c4 f5 3. Nc3 Nf6 4. g3 Be7 5. Bg2 O-O 6. e4 fxe4 7. Nxe4 Nxe4 8.
Bxe4 Bb4+ 9. Bd2 Qf6 10. Nh3 Nc6 11. Bxb4 Nxb4 12. Qd2 Nc6 13. Rd1 d6 14. O-O
e5 15. Ng5 g6 16. dxe5 Nxe5 17. f4 Nc6 18. Bd5+ Kg7 19. Rde1 Nd4 20. Re4 c5 21.
Rfe1 Be6 22. Rxe6 1-0

[Event "9th NATO Chess Championship"]
[Site "Portsmouth"]
[Date "1998.10.09"]
[Round "7.23"]
[White "Molin, Fabio"]
[Black "Foulds, Andrew"]
[Result "1/2-1/2"]
[WhiteElo "1800"]
[BlackElo "1760"]
[PlyCount "42"]
[EventDate "1998.10.??"]
[EventType "swiss"]
[EventRounds "7"]
[EventCountry "ENG"]
[SourceDate "2005.09.12"]

1. e4 c5 2. Nf3 Nc6 3. d4 cxd4 4. Nxd4 Nf6 5. Nc3 e5 6. Ndb5 d6 7. a4 a6 8. Na3
Be6 9. Be2 d5 10. exd5 Nxd5 11. Nxd5 Bxd5 12. O-O Bc5 13. Bc4 Bxc4 14. Nxc4 O-O
15. Be3 Qe7 16. c3 Rad8 17. Bxc5 Qxc5 18. Qb3 Rd7 19. Rad1 Rfd8 20. Ne3 Na5 21.
Qc2 Nc4 1/2-1/2

[Event "9th NATO Chess Championship"]
[Site "Portsmouth"]
[Date "1998.10.09"]
[Round "7.24"]
[White "Toll, Alec J"]
[Black "McAleer, Jeffrey"]
[Result "1-0"]
[WhiteElo "2100"]
[BlackElo "1900"]
[PlyCount "59"]
[EventDate "1998.10.??"]
[EventType "swiss"]
[EventRounds "7"]
[EventCountry "ENG"]
[SourceDate "2005.09.12"]

1. d4 Nf6 2. Bg5 e6 3. e4 Be7 4. Nd2 c5 5. e5 Nd5 6. Bxe7 Nxe7 7. Ne4 cxd4 8.
Nd6+ Kf8 9. Qxd4 Nbc6 10. Qd2 Nxe5 11. f4 N5c6 12. Bc4 Qc7 13. Nf3 Na5 14. Ne5
Nxc4 15. Nexc4 Nd5 16. a4 b6 17. b4 Bb7 18. O-O h5 19. f5 f6 20. Rae1 e5 21.
Rd1 Nf4 22. Rf2 Rd8 23. Nxb7 Qxb7 24. Nd6 Qc7 25. Rxf4 exf4 26. Qd5 Qxd6 27.
Qxd6+ Kg8 28. Qe7 Kh7 29. Rxd7 Rxd7 30. Qxd7 1-0

[Event "9th NATO Chess Championship"]
[Site "Portsmouth"]
[Date "1998.10.09"]
[Round "7.25"]
[White "Brokenshire, Laurie"]
[Black "Cappon, Kaan"]
[Result "1-0"]
[WhiteElo "1800"]
[BlackElo "1690"]
[PlyCount "28"]
[EventDate "1998.10.??"]
[EventType "swiss"]
[EventRounds "7"]
[EventCountry "ENG"]
[SourceDate "2005.09.12"]

1. e4 c5 2. Nf3 Nc6 3. d4 cxd4 4. Nxd4 Nf6 5. Nxc6 bxc6 6. Bd3 e6 7. c4 d5 8.
cxd5 Bb4+ 9. Nd2 cxd5 10. Qa4+ Bd7 11. Qxb4 a5 12. Qd6 Rc8 13. O-O Rc6 14. Qa3
dxe4 1-0

[Event "9th NATO Chess Championship"]
[Site "Portsmouth"]
[Date "1998.10.09"]
[Round "7.26"]
[White "Van Diermen, Henk"]
[Black "Vercauteren, Daniel"]
[Result "1-0"]
[WhiteElo "1760"]
[BlackElo "1690"]
[PlyCount "57"]
[EventDate "1998.10.??"]
[EventType "swiss"]
[EventRounds "7"]
[EventCountry "ENG"]
[SourceDate "2005.09.12"]

1. c4 g6 2. Nc3 Bg7 3. d4 Nf6 4. e4 d6 5. Be2 O-O 6. f4 e5 7. fxe5 dxe5 8. d5
Nbd7 9. Be3 Qe7 10. Nf3 Qb4 11. Qc2 Nxe4 12. a3 Qe7 13. Nxe4 f5 14. Nc3 a6 15.
O-O-O h6 16. Kb1 g5 17. g3 Rb8 18. Ka2 Rf6 19. Nxg5 f4 20. gxf4 exf4 21. Bxf4
Rxf4 22. Ne6 Qf6 23. Rhg1 Nf8 24. Rxg7+ Kh8 25. Nxf4 Qxg7 26. Bd3 b5 27. cxb5
axb5 28. Qg2 Qe5 29. Rg1 1-0

[Event "9th NATO Chess Championship"]
[Site "Portsmouth"]
[Date "1998.10.09"]
[Round "7.27"]
[White "Stuhr, Finn"]
[Black "McInnes, Neil"]
[Result "0-1"]
[WhiteElo "1687"]
[BlackElo "1887"]
[PlyCount "32"]
[EventDate "1998.10.??"]
[EventType "swiss"]
[EventRounds "7"]
[EventCountry "ENG"]
[SourceDate "2005.09.12"]

1. e4 d6 2. d4 Nf6 3. Nd2 e5 4. d5 g6 5. Bd3 Bg7 6. Nb3 O-O 7. Bd2 Nxe4 8. Bxe4
f5 9. Bd3 e4 10. Bxe4 fxe4 11. c3 Nd7 12. Ne2 Ne5 13. O-O Qh4 14. Ng3 Bg4 15.
f3 exf3 16. Nd4 f2+ 0-1

[Event "Tokyo Match Cons"]
[Site "Tokyo"]
[Date "2012.10.05"]
[Round "?"]
[White "Habu, Yoshiharu"]
[Black "Vachier Lagrave, Maxime"]
[Result "0-1"]
[WhiteElo "2400"]
[BlackElo "2715"]
[PlyCount "82"]
[EventDate "2012.10.25"]
[EventType "match"]
[EventCountry "JPN"]
[SourceDate "2005.09.12"]

1. d4 Nf6 2. c4 g6 3. Nc3 d5 4. Bg5 Bg7 5. Nf3 Ne4 6. Bf4 c6 7. e3 O-O 8. Qb3
Qa5 9. cxd5 Nxc3 10. bxc3 cxd5 11. Bd3 b6 12. O-O Ba6 13. Bxa6 Nxa6 14. Rac1
Rac8 15. c4 dxc4 16. Rxc4 b5 17. Rxc8 Rxc8 18. h3 e6 19. Qb1 Qb4 20. Qe4 Qe7
21. Ne5 Nb4 22. Qb1 a6 23. e4 Bxe5 24. Bxe5 Rc4 25. Rc1 Nc6 26. Rxc4 bxc4 27.
Qb6 Nxe5 28. Qb8+ Qf8 29. Qxe5 Qc8 30. d5 c3 31. Qf4 c2 32. Qc1 Qc3 33. d6 Qd3
34. d7 Qd1+ 35. Kh2 Qxc1 36. d8=Q+ Kg7 37. Qd4+ Kh6 38. Qf6 Qd2 39. Qxf7 Qd6+
40. e5 Qxe5+ 41. f4 Qc5 0-1

[Event "Tokyo Match Cons"]
[Site "Tokyo"]
[Date "2012.10.05"]
[Round "?"]
[White "Moriuchi, Toshiyuki"]
[Black "Vachier Lagrave, Maxime"]
[Result "0-1"]
[WhiteElo "2400"]
[BlackElo "2715"]
[PlyCount "100"]
[EventDate "2012.10.25"]
[EventType "match"]
[EventCountry "JPN"]
[SourceDate "2005.09.12"]

1. e4 c5 2. Nf3 Nc6 3. d4 cxd4 4. Nxd4 e6 5. Nc3 Qc7 6. Be3 Nf6 7. Be2 a6 8.
O-O Bb4 9. Na4 Be7 10. Nxc6 bxc6 11. Nb6 Rb8 12. Nxc8 Qxc8 13. Bd4 c5 14. Be5
Rb6 15. Qd3 d6 16. Bc3 O-O 17. b3 d5 18. exd5 Nxd5 19. Bb2 Rd8 20. Qg3 Bf6 21.
Bxf6 Nxf6 22. Rad1 Rd5 23. Bc4 Rd7 24. Qf3 h6 25. h3 Qb8 26. Rd3 Rxd3 27. Qxd3
Rd6 28. Qe2 a5 29. Rd1 g5 30. Rxd6 Qxd6 31. Qd3 Qxd3 32. Bxd3 Kf8 33. Kf1 Ke7
34. Ke2 Kd6 35. Kd2 h5 36. Kc3 Kc6 37. Kc4 Nd7 38. Be4+ Kb6 39. g3 h4 40. gxh4
gxh4 41. a3 f5 42. Bg2 Ne5+ 43. Kc3 Ng6 44. Kd2 Nf4 45. Bf1 Kc6 46. Ke3 e5 47.
Kf3 Nd5 48. Kg2 Kd6 49. Bc4 Nc3 50. Kf3 Nb1 0-1

[Event "Tournoi de rentrée UST"]
[Site "Equeurdreville"]
[Date "2012.09.29"]
[Round "1"]
[White "Laronche, Antoine"]
[Black "Verbeke, Amandine"]
[Result "1-0"]
[WhiteElo "1199"]
[BlackElo "1199"]
[PlyCount "47"]
[EventDate "2012.09.29"]
[EventRounds "5"]
[EventCountry "FRA"]
[SourceDate "2005.09.12"]

1. g3 d5 2. Bg2 Nc6 3. Nf3 Nf6 4. O-O e6 5. a3 Bc5 6. b4 Bb6 7. Bb2 O-O 8. d3
Bd7 9. Qd2 Qe7 10. b5 Na5 11. Nc3 e5 12. Nh4 a6 13. Bxd5 g5 14. Nf5 Kh8 15.
Nxe7 Rfe8 16. Bxb7 Rab8 17. Bxa6 Ra8 18. Bb7 Nxb7 19. Ned5 Nxd5 20. Nxd5 Rac8
21. Qxg5 Rg8 22. Qxe5+ f6 23. Qxf6+ Rg7 24. Qxg7# 1-0

[Event "Tournoi de rentrée UST"]
[Site "Equeurdreville"]
[Date "2012.09.29"]
[Round "1"]
[White "Vanneste, Axel"]
[Black "Bavinckhove, Zoltan"]
[Result "0-1"]
[WhiteElo "1199"]
[BlackElo "1430"]
[PlyCount "38"]
[EventDate "2012.09.29"]
[EventRounds "5"]
[EventCountry "FRA"]
[SourceDate "2005.09.12"]

1. e4 e5 2. Nf3 Nc6 3. Nc3 Nf6 4. Bc4 Bc5 5. Ng5 O-O 6. O-O d6 7. d3 Bg4 8. Ne2
Nd4 9. Be3 Bxe2 10. Qe1 Bxf1 11. Kxf1 Nxc2 12. Qc1 Nxa1 13. Bxc5 dxc5 14. Qxa1
Ng4 15. Bxf7+ Rxf7 16. Nxf7 Kxf7 17. Kg1 Qxd3 18. Qc1 Kg8 19. Qxc5 Qd1# 0-1

[Event "Tournoi de rentrée UST"]
[Site "Equeurdreville"]
[Date "2012.09.29"]
[Round "1"]
[White "Bavinckhove, Myrial"]
[Black "Masson, Titouan"]
[Result "1-0"]
[WhiteElo "1475"]
[BlackElo "1199"]
[PlyCount "77"]
[EventDate "2012.09.29"]
[EventRounds "5"]
[EventCountry "FRA"]
[SourceDate "2005.09.12"]

1. d4 d5 2. e4 dxe4 3. Nc3 Nf6 4. f3 Bf5 5. fxe4 Nxe4 6. Qf3 Qxd4 7. Qxf5 Nxc3
8. Qc8+ Qd8 9. Qxd8+ Kxd8 10. bxc3 Nc6 11. Be3 e6 12. O-O-O+ Ke8 13. Bb5 Ba3+
14. Kb1 Ke7 15. Bxc6 Rhd8 16. Rxd8 Rxd8 17. Bf3 e5 18. Nh3 Rb8 19. Bxa7 Ra8 20.
Be3 Ra5 21. c4 b5 22. Bd2 Ra4 23. cxb5 Rd4 24. Bc3 Rc4 25. Bxe5 f6 26. Bxf6+
gxf6 27. Re1+ Kf8 28. Re3 Rb4+ 29. Rb3 Ke7 30. Rxb4 Bxb4 31. Nf4 Kd6 32. Nd5
Ba3 33. Nxf6 Kc5 34. Bc6 Kb6 35. Nd5+ Kc5 36. Nxc7 Kd6 37. Na8 h5 38. Bf3 h4
39. b6 1-0